000 00660nam a2200193 a 4500
008 120416s1982 ||||||||||||||||| || u
020 _a0131697714
050 _aHD 6508 Dav
100 _aDavey, Harold W
245 1 0 _aContemporary collective bargaining
250 _a4th. ed
260 _aEnglewood Cliffs, N.J.
_bFT Prentice-Hall
_c1982
300 _axiii, 472p. : ill
350 _a0.00
650 _aCOLLECTIVE BARGAINING--UNITED STATES
650 _aLABOUR
700 _aEstenson, David L
995 _D0.00
_FCBU-MAIN LIBRARY (Kitwe)
_H1
_I0.00
_M1
_UAVAILABLE
_ZMain Library Open Access Collection
999 _c38629
_d38629